Evolution of the U.S. Flag - Statistics

General Stats
  • This quiz has been taken 44 times
  • The average score is 12 of 28
Answer Stats
Picture Hint Answer % Correct
1776 - 1777
13 states
Connecticut | 12 others...
96%
1777 - 1795
13 states
None new added
96%
1795 - 1818
15 states
Kentucky | Vermont
74%
1818 - 1819
20 states
Indiana | 4 others...
61%
1959 - 1960
49 states
Alaska
52%
1960 -
50 states
Hawaii
52%
1912 - 1959
48 states
Arizona | New Mexico
48%
1819 - 1820
21 states
Illinois
48%
1908 - 1912
46 states
Oklahoma
43%
1820 - 1822
23 states
Alabama | Maine
39%
1836 - 1837
25 states
Arkansas
35%
1822 - 1836
24 states
Missouri
35%
1846 - 1847
28 states
Texas
35%
1863 - 1865
35 states
West Virginia
35%
1851 - 1858
31 states
California
30%
1877 - 1890
38 states
Colorado
30%
1890 - 1891
43 states
Idaho | 4 others...
30%
1847 - 1848
29 states
Iowa
30%
1861 - 1863
34 states
Kansas
30%
1837 - 1845
26 states
Michigan
30%
1858 - 1859
32 states
Minnesota
30%
1867 - 1877
37 states
Nebraska
30%
1865 - 1867
36 states
Nevada
30%
1859 - 1861
33 states
Oregon
30%
1848 - 1851
30 states
Wisconsin
30%
1891 - 1896
44 states
Wyoming
30%
1845 - 1846
27 states
Florida
26%
1896 -
45 states
Utah
26%
No matching quizzes found
Score Distribution
Percent of People with Each Score
Percentile by Number Answered
Your Score History
You have not taken this quiz